Dan Janal's guide to marketing on the internet : getting people to visit, buy, and become customers for life
Αποθηκεύτηκε σε:
| Κύριος συγγραφέας: | |
|---|---|
| Μορφή: | Βιβλίο |
| Γλώσσα: | English |
| Δημοσίευση: |
New York :
Wiley,
c2000
|
| Θέματα: | |
| Ετικέτες: |
Προσθήκη ετικέτας
Δεν υπάρχουν, Καταχωρήστε ετικέτα πρώτοι!
|
MARC
| LEADER | 00000cam a2200000 i 4500 | ||
|---|---|---|---|
| 001 | 1/17932 | ||
| 008 | 010306s2000 eng d | ||
| 020 | |a 0-471-34976-3 (pbk.) | ||
| 035 | |l 10066312 | ||
| 040 | |a GR-MY-UA |b gre |e aacr | ||
| 041 | 0 | |a eng | |
| 082 | 0 | |a 658.8002854678 | |
| 100 | 1 | |a Janal, Daniel S. | |
| 245 | 1 | 0 | |a Dan Janal's guide to marketing on the internet : |b getting people to visit, buy, and become customers for life / |c Daniel S. Janal |
| 246 | 3 | 3 | |a Marketing on the internet |
| 260 | |a New York : |b Wiley, |c c2000 | ||
| 300 | |a xv, 392 p. | ||
| 504 | |a Includes index | ||
| 650 | 0 | 0 | |a Internet marketing. |
| 852 | |a INST |b CHIOS |e 20010306 |h 658.8002854678 JAN |p 005200021552 |q 005200021552 |t BK |y 0 | ||
| 901 | |a BIBL2-2001-1 | ||
| 909 | |a Χ |b 083382 | ||
| 970 | |a ΣΑΛΑΜΟΥΡΑ |b ΜΑΡΙΑ |z 2001/03/06 | ||